01275nam a2200325 a 4500001001200000003000800012006001900020007001500039008004100054020001800095020001800113020001500131040002100146035002100167050002300188100001600211245008900227260005200316300001900368490006500387504005100452533015200503650002900655650001400684655002900698700002400727710001700751830005500768856012600823ebr10236832CaPaEBRm u cr cn|||||||||080903s2002 enka sb 001 0 eng d z9781859573280 z9781859574225 z1859573282 aCaPaEBRcCaPaEBR a(OCoLC)56803283814aTS183b.L68 2002eb1 aLove, J. C.10aIn-mould decoration of plasticsh[electronic resource] /cJ.C. Love and V. Goodship. aShawbury, U.K. :bRapra Technology Ltd.,c2002. a122 p. :bill.1 aRapra review reports. Report 146,x0889-3144 ;vv. 13, no. 2 aIncludes bibliographical references and index. aElectronic reproduction.bPalo Alto, Calif. :cebrary,d2011.nAvailable via World Wide Web.nAccess may be limited to ebrary affiliated libraries. 0aManufacturing processes. 0aPlastics. 7aElectronic books.2local1 aGoodship, Vannessa.2 aebrary, Inc. 0aRapra review reports.nReport 146 ;vv. 13, no. 2.40uhttp://site.ebrary.com/lib/rucke/Doc?id=10236832zAn electronic book accessible through the World Wide Web; click to view